01062nam a2200181 a 4500001001000000005001700010008004100027041000800068044000700076084001500083100003700098245044700135300003900582500011500621500001600736650008000752650004800832BRCA_894120190320210451.0300617s--------sp-#######---#000-0#spa-# aspa asp aLE34b.C841 a[Cuesta, Leonardo Antonio de la]10a[Estado sagrado chronologico, genealógico, y universal del mundobdesde su creación, hasta los presentes siglos, en que se dará noticia de los Patriarcados, Profetas, Pontífices, Emperadores, Reyes, Escritores, y otras personas, Ilustres, con los Concilios, Cismas, Anti-Papas, y varios acaecimientos curiosos en que pueda divertirse todo genero de personas: tomo Xcsu autor D. Leonardo Antonio de la Cuesta, rediente en esta Corte.] a[5], 411 p. (t.10)c15.8 x 10.8 cm aEstado físico: presenta encuadernación en pergamino con lomo semi desprendido y presencia del pez de plata aSin portada14aBibliaxHistoria de los acontecimientos bíblicosyObras anteriores a 180014aHistoria universalyObras anteriores a 1800